000 00416nam a2200133Ia 4500
008 211109s9999||||xx |||||||||||||| ||und||
082 _a822.33
_bDOW-S
100 _aDowden, Edward,
245 0 _aShakespeare- Lt Primns Edit By John Richard
260 _bMacmillan and Co., Limited
_aKingston
_c1922
630 _xGeneral Stack
650 _aEnglish & Old English literatures
_vEnglish Drama
_xLiterature
942 _cBOOK
999 _c2124
_d2124